LIBRARY & INFORMATION CENTRE, KCAET, TAVANUR

ONLINE PUBLIC ACCESS CATALOGUE (OPAC)

Adam bede / (Record no. 7865)

MARC details
000 -LEADER
fixed length control field 00448cam a2200193ua 4500
041 ## - LANGUAGE CODE
Language code of text/sound track or separate title eng
082 ## - DEWEY DECIMAL CLASSIFICATION NUMBER
Classification number 823.308
Item number ELI/AD
100 ## - MAIN ENTRY--AUTHOR NAME
Personal name Eliot, George.
245 ## - TITLE STATEMENT
Title Adam bede /
250 ## - EDITION STATEMENT
Edition statement 1 /
260 ## - PUBLICATION, DISTRIBUTION, ETC. (IMPRINT)
Place of publication London :
Name of publisher Orient-Longman Ltd ,
Year of publication 1962.
300 ## - PHYSICAL DESCRIPTION
Number of Pages 134, 509 ; .
942 ## - ADDED ENTRY ELEMENTS (KOHA)
Koha item type Books
Holdings
Withdrawn status Lost status Damaged status Home library Current library Date acquired Full call number Accession Number Koha item type
      KAUAET KAUAET 07/04/2012 823.308 12075 Books
Withdrawn     KAUAET Sanskrit University 07/04/2012 823.308 5457 Books
free website counter